000 00734nam a2200277 a 4500
003 AR-BaBNM
005 20251128210927.0
008 082120s2002 ||||||||||||||000 | spa||
020 _a950-05-0493-6
040 _cAR-BaBNM
100 1 _aGirri, Alberto
245 0 0 _aObra poética
_n5
260 _aBuenos Aires
_bEdiciones Corregidor
_c1988
300 _a160 p.
490 0 _aBiblioteca de poesía
500 _aContiene referencias bibliográficas
650 4 _aLITERATURA ARGENTINA
650 4 _aANTOLOGIAS
650 4 _aPOESIA
650 4 _aLITERATURA CONTEMPORANEA
653 _aINFLUENCIA CLASICA
655 _aLITERATURA
700 1 _aSuárez, María Victoria
_eprologuista
942 _cBK
998 _cMARTIN
999 _c17495
_d17495